00454nam a2200145Ia 4500008004100000041001200041082001100053100001500064245005300079260000600132650000600138942000700144999001700151952014000168221030s9999 xx 000 0 und d aEnglish a105.23 aS. Y. Liao 0aMicrodevices devices and circuitscby S. Y. Liao c0 aB cBK c11830d11830 pB 284l0o105.23 r2022-10-30 00:00:00w2022-10-30yBK003Print4070aMIETLIBbMIETLIBcBL-, FL-, CUP-0, SH-0, R-0d2012-06-1110HBE